| 000 | 00946cam a2200313 4500 | ||
|---|---|---|---|
| 001 | 1260418 | ||
| 003 | NUST - PNEC | ||
| 005 | 20170116180846.0 | ||
| 008 | 740408s1974 enka b 001 0 eng | ||
| 010 | _a 74007054 | ||
| 015 | _aGB*** | ||
| 020 | _a047066892X | ||
| 020 | _a0853120153 | ||
| 040 |
_aDLC _cLIBRARY _dDLC |
||
| 050 | 0 | 0 |
_aQC882 _b.P3 1974 |
| 082 | 0 | 0 | _a551.5153 PAS |
| 100 | 1 | _aPasquill, F. | |
| 245 | 1 | 0 |
_aAtmospheric diffusion;the dispersion of windborne material from industrial and other sources _c[by] Frank Pasquill. |
| 250 | _a2d ed. | ||
| 260 |
_aChichester [Eng.] _bE. Horwood; _aNew York, _bHalsted Press _c[1974] |
||
| 300 |
_axi, 429 p. _billus. _c24 cm. |
||
| 504 | _aBibliography: p. 401-423. | ||
| 650 | 0 |
_aAerosols. _xME, General |
|
| 650 | 0 | _aAtmospheric diffusion. | |
| 650 | 0 | _aDiffusion. | |
| 650 | 0 |
_aAir _xPollution. |
|
| 906 |
_a7 _bcbc _corignew _d1 _eocip _f19 _gy-gencatlg |
||
| 942 |
_2ddc _cBK |
||
| 999 |
_c64466 _d64466 |
||